000 00763nam a2200229Ia 4500
003 OSt
005 20220918110810.0
006 a|||||r|||| 00| 0
007 ta
008 220915b |||||||| |||| 00| 0 ras d
024 _a205293
037 _cReference Collections
040 _aARTS
_cARTS
_braj
041 _2raj
_araj
082 _aP15,A:4k, 152M2(RR)
100 _aकौशिक, जय नारायण
245 0 _aवैदिक हरयाणवी कोश
260 _aदिल्ली
_bसंस्कृति चेतना प्रका0
_c1982
300 _a48पृ0
942 _hP15,A:4k, 152M2(RR)
_cREF
999 _c114843
_d114843